[Event "FB23 2223 TSV Schott Mainz - SC NT Nürn"]
[Site "?"]
[Date "2022.11.13"]
[Round "4.2"]
[White "Krasnopeyeva, Julia"]
[Black "Albayrak, Berrak"]
[Result "1/2-1/2"]
[WhiteElo "1938"]
[BlackElo "1642"]
[PlyCount "126"]
[EventDate "2022.??.??"]

1. e4 d6 2. d4 Nf6 3. Nc3 g6 4. Be3 c6 5. f3 b5 6. Qd2 a6 7. g4 Nbd7 8. g5 Nh5 9. Nce2 Nb6 10. b3 f6 11. Ng3 Ng7 12. h4 f5 13. h5 Rg8 14. h6 Ne6 15. exf5 gxf5 16. Nxf5 Nxg5 17. Bd3 e6 18. Ng7+ Bxg7 19. Bxg5 Bf6 20. Bxf6 Qxf6 21. Bxh7 Rh8 22. Qd3 Ra7 23. Bg6+ Kd8 24. O-O-O Nd5 25. Ne2 Qg5+ 26. Kb2 Nb4 27. Qd2 Qxg6 28. Qxb4 Rd7 29. Qc3 Rxh6 30. Rdg1 Qh7 31. Rxh6 Qxh6 32. Qxc6 Qf8 33. Qe4 Bb7 34. Qxe6 Qxf3 35. Rg8+ Kc7 36. Qe8 b4 37. Rf8 Qe4 38. Qxe4 Bxe4 39. Re8 Bg6 40. Re6 Bf5 41. Rf6 Re7 42. Nf4 Be4 43. Ne6+ Kc6 44. c4 Rh7 45. Rf1 Rh2+ 46. Ka1 d5 47. Rc1 Kd6 48. Nc5 Rd2 49. Nxa6 dxc4 50. bxc4 Rxd4 51. Nxb4 Kc5 52. a3 Rxc4 53. Rxc4+ Kxc4 54. Kb2 Bf5 55. Na2 Bd7 56. Nc3 Be8 57. Ne4 Ba4 58. Nd2+ Kd3 59. Nb3 Kc4 60. Nd2+ Kd3 61. Nf3 Ke4 62. Ng5+ Kd3 63. Ne6 Kc4 1/2-1/2

[Event "FB23 2223 TSV Schott Mainz - SC NT Nürn"]
[Site "?"]
[Date "2022.11.13"]
[Round "4.3"]
[White "Loebel, Petra"]
[Black "Brandl, Lea Maria"]
[Result "1-0"]
[WhiteElo "1818"]
[BlackElo "1880"]
[PlyCount "113"]
[EventDate "2022.??.??"]

1. e4 c5 2. Nc3 d6 3. g3 Nc6 4. Bg2 g6 5. d3 Bg7 6. Be3 Nf6 7. h3 O-O 8. Qd2 Nd4 9. Nge2 Nd7 10. f4 e6 11. g4 Rb8 12. Ng3 b5 13. O-O Nb6 14. Nd1 Bb7 15. c3 Nc6 16. f5 exf5 17. gxf5 Ne5 18. Bh6 f6 19. Bxg7 Kxg7 20. Ne3 d5 21. Rad1 d4 22. Ng4 Nxg4 23. hxg4 Qd6 24. Qf2 dxc3 25. bxc3 g5 26. d4 c4 27. Rfe1 Qa3 28. Qd2 Rbd8 29. e5 Nd5 30. Nh5+ Kh8 31. Bxd5 Bxd5 32. Nxf6 Rxf6 33. exf6 Qd6 34. Qe3 Qxf6 35. Qe5 Kg7 36. Qxf6+ Kxf6 37. Kf2 a6 38. Re5 Rd7 39. Rde1 Kf7 40. Re6 Bb7 41. R1e5 Bc8 42. Re8 Bb7 43. Rh8 Kg7 44. Ree8 Rc7 45. Rhg8+ Kf6 46. Re6+ Kf7 47. Rxg5 b4 48. Rh5 Kf8 49. f6 b3 50. axb3 cxb3 51. Rc5 Rxc5 52. dxc5 a5 53. c4 a4 54. Rb6 Be4 55. Ke3 Bg2 56. Kd2 Be4 57. Kc3 1-0

[Event "FB23 2223 TSV Schott Mainz - SC NT Nürn"]
[Site "?"]
[Date "2022.11.13"]
[Round "4.4"]
[White "Mueller, Riyanna"]
[Black "Steinmueller, Stefanie"]
[Result "1-0"]
[WhiteElo "1475"]
[BlackElo "1950"]
[PlyCount "73"]
[EventDate "2022.??.??"]

1. e4 c5 2. c3 Nc6 3. d4 e6 4. Nf3 d5 5. e5 Qb6 6. a3 Be7 7. b4 c4 8. a4 a6 9. Be2 f6 10. O-O Bd7 11. Be3 Qc7 12. Re1 fxe5 13. dxe5 Nh6 14. Bxh6 gxh6 15. Qd2 Bf8 16. Nd4 Bg7 17. Bh5+ Ke7 18. Nxc6+ Bxc6 19. Qd4 Be8 20. Bxe8 Raxe8 21. f4 Rhf8 22. Nd2 Rf7 23. Nf3 Ref8 24. g3 Rf5 25. b5 axb5 26. axb5 b6 27. Ra6 Rb8 28. Rea1 Rb7 29. Qe3 Rf7 30. Nd4 Bf8 31. Nc6+ Kd7 32. Qe2 Bc5+ 33. Kg2 Rf8 34. Ra7 Rfb8 35. Nxb8+ Qxb8 36. Ra8 Qc7 37. Qh5 1-0

[Event "FB23 2223 TSV Schott Mainz - SC NT Nürn"]
[Site "?"]
[Date "2022.11.13"]
[Round "4.5"]
[White "Stark, Amalia"]
[Black "Vayssiere, Nina"]
[Result "1-0"]
[WhiteElo "1416"]
[BlackElo "1548"]
[PlyCount "41"]
[EventDate "2022.??.??"]

1. e4 e5 2. Nf3 Nc6 3. Bb5 d6 4. d4 exd4 5. Nxd4 Bd7 6. Nf3 Nf6 7. Nc3 Be7 8. O-O O-O 9. Re1 a6 10. Be2 Ne5 11. Nd5 Nxe4 12. Bd3 Nf6 13. Nxe7+ Qxe7 14. Bf4 Nxf3+ 15. Qxf3 Qd8 16. Bg5 Bc6 17. Qg3 Kh8 18. Qh4 h6 19. Re3 Bb5 20. c4 Bd7 21. Bxh6 1-0

[Event "FB23 2223 SK 1980 Gernsheim - SC Bavari"]
[Site "?"]
[Date "2022.11.13"]
[Round "4.1"]
[White "Bardorz, Jana"]
[Black "Lukas, Anne"]
[Result "1-0"]
[WhiteElo "2020"]
[BlackElo "2052"]
[PlyCount "41"]
[EventDate "2022.??.??"]

1. e4 e6 2. d4 d5 3. Nd2 Nc6 4. Ngf3 Nf6 5. e5 Nd7 6. Bd3 Be7 7. c3 f6 8. exf6 Bxf6 9. O-O O-O 10. Re1 Kh8 11. Nf1 e5 12. dxe5 Ncxe5 13. Nxe5 Nxe5 14. Rxe5 Bxe5 15. Qh5 h6 16. Bxh6 Kg8 17. Bxg7 Bf5 18. Bxf8 Bxd3 19. Qxe5 Kxf8 20. Qf4+ Kg7 21. Qd4+ 1-0

[Event "FB23 2223 SK 1980 Gernsheim - SC Bavari"]
[Site "?"]
[Date "2022.11.13"]
[Round "4.2"]
[White "Ries, Jutta"]
[Black "Leuchsenring, Christina"]
[Result "1/2-1/2"]
[WhiteElo "2023"]
[BlackElo "1891"]
[PlyCount "43"]
[EventDate "2022.??.??"]

1. f4 d5 2. Nf3 g6 3. e3 Bg7 4. Nc3 Nf6 5. b3 O-O 6. Bb2 c5 7. Ne2 Nc6 8. Ne5 Qb6 9. Nxc6 Qxc6 10. Be5 Rd8 11. c3 Bf8 12. Bxf6 Qxf6 13. d4 Bg4 14. Qd2 Rac8 15. Ng3 Qb6 16. Be2 Bxe2 17. Nxe2 cxd4 18. exd4 Bh6 19. Qd3 Bg7 20. O-O e6 21. Kh1 Qa5 22. Rf3 1/2-1/2

[Event "FB23 2223 SK 1980 Gernsheim - SC Bavari"]
[Site "?"]
[Date "2022.11.13"]
[Round "4.3"]
[White "Oberhofer, Marie"]
[Black "Mueller, Manon"]
[Result "1-0"]
[WhiteElo "1729"]
[BlackElo "1787"]
[PlyCount "51"]
[EventDate "2022.??.??"]

1. e4 d5 2. exd5 Qxd5 3. Nc3 Qd6 4. d4 Nf6 5. Nge2 a6 6. Bf4 Qd8 7. g3 Bg4 8. Bg2 c6 9. O-O Bxe2 10. Nxe2 e6 11. c4 Qb6 12. d5 cxd5 13. cxd5 exd5 14. Nc3 Be7 15. Re1 Qd8 16. Bxd5 Nc6 17. Bxc6+ bxc6 18. Qa4 Qb6 19. Bd6 Ra7 20. Qa3 Qd8 21. Rad1 Nd5 22. Nxd5 cxd5 23. Qc5 Rd7 24. Bxe7 Rxe7 25. Rxe7+ Qxe7 26. Qc8+ 1-0

[Event "FB23 2223 SK 1980 Gernsheim - SC Bavari"]
[Site "?"]
[Date "2022.11.13"]
[Round "4.4"]
[White "Morio, Estelle"]
[Black "Prinzen, Siri Marleen"]
[Result "1/2-1/2"]
[WhiteElo "1777"]
[BlackElo "1772"]
[PlyCount "88"]
[EventDate "2022.??.??"]

1. f4 d5 2. Nf3 c5 3. e3 g6 4. Be2 Bg7 5. O-O Nf6 6. d3 O-O 7. Nc3 Nc6 8. a3 b6 9. Ne5 Bb7 10. Nxc6 Bxc6 11. Bf3 Rc8 12. Qe2 d4 13. Nd1 dxe3 14. Nxe3 e6 15. Bxc6 Rxc6 16. Rb1 Nd5 17. Kh1 Nxe3 18. Bxe3 Qc7 19. b3 b5 20. Bd2 Rc8 21. Qe1 Ra6 22. Bc1 c4 23. dxc4 bxc4 24. b4 Qb7 25. Rf3 Qd5 26. Rf1 Rd8 27. h3 Qb5 28. Rf2 Qh5 29. Rd2 Rad6 30. Rxd6 Rxd6 31. Bd2 Qf5 32. Bc3 Bxc3 33. Qxc3 Qxf4 34. Kg1 Qd4+ 35. Qxd4 Rxd4 36. b5 Rd2 37. Rb2 Rd1+ 38. Kf2 Ra1 39. Rb4 Rxa3 40. Rxc4 Ra5 41. Rb4 Ra2 42. Rc4 Ra5 43. Rb4 Ra2 44. Rc4 Ra5 1/2-1/2

[Event "FB23 2223 SK 1980 Gernsheim - SC Bavari"]
[Site "?"]
[Date "2022.11.13"]
[Round "4.5"]
[White "Wetzler, Sophia"]
[Black "Wilke, Tabea"]
[Result "1-0"]
[WhiteElo "1689"]
[BlackElo "1727"]
[PlyCount "73"]
[EventDate "2022.??.??"]

1. e4 e5 2. Nf3 Nc6 3. Bc4 Bc5 4. O-O d6 5. d3 h6 6. c3 Bg4 7. Nbd2 Qf6 8. Re1 Nge7 9. b4 Bb6 10. Bb2 Ng6 11. g3 h5 12. h4 Rh6 13. Qe2 Nxh4 14. gxh4 Rg6 15. Kh1 Qf4 16. Rg1 Rf6 17. Rg3 Ne7 18. d4 d5 19. dxe5 Rg6 20. Bxd5 c6 21. Bb3 O-O-O 22. Rd1 Qxe5 23. Rxg4 Rxg4 24. Nxe5 Rxh4+ 25. Kg2 f6 26. Be6+ Kc7 27. Nef3 Rf4 28. Bc1 Ng6 29. Rh1 Re8 30. Bf7 Rg4+ 31. Kf1 Nf4 32. Bxe8 Nxe2 33. Kxe2 g6 34. c4 Kd8 35. Bf7 Ke7 36. c5 Bc7 37. Bb3 1-0

[Event "FB23 2223 SK 1980 Gernsheim - SC Bavari"]
[Site "?"]
[Date "2022.11.13"]
[Round "4.6"]
[White "Schardt, Madeleine"]
[Black "Horther-Schneider, Elsbeth"]
[Result "0-1"]
[WhiteElo "1813"]
[BlackElo "1795"]
[PlyCount "53"]
[EventDate "2022.??.??"]

1. d4 Nf6 2. Bf4 d5 3. e3 e6 4. Nd2 c5 5. c3 Bd7 6. Bd3 Qb6 7. Rb1 cxd4 8. exd4 Bd6 9. Bxd6 Qxd6 10. Ngf3 O-O 11. Ne5 Nc6 12. Ndf3 Rac8 13. Qe2 Qe7 14. h4 g6 15. g4 Nxe5 16. Nxe5 Be8 17. f4 Nd7 18. h5 Nxe5 19. fxe5 Qg5 20. hxg6 fxg6 21. Qh2 Rc7 22. Rd1 Qe3+ 23. Qe2 Qg3+ 24. Kd2 Rf2 25. Rhg1 Rxe2+ 26. Bxe2 Qf4+ 27. Kd3 0-1

[Event "FB23 2223 SC Bavaria Regensburg 1881 - S"]
[Site "?"]
[Date "2023.02.19"]
[Round "5.1"]
[White "Birkholz, Olga"]
[Black "Arnhold, Steffi"]
[Result "1/2-1/2"]
[WhiteElo "1991"]
[BlackElo "2101"]
[PlyCount "96"]
[EventDate "2023.??.??"]

1. d4 d5 2. Nd2 Nf6 3. c4 e6 4. Ngf3 c6 5. Qc2 Bd6 6. e3 O-O 7. Bd3 Nbd7 8. Ng5 h6 9. Bh7+ Kh8 10. h4 e5 11. c5 Bc7 12. dxe5 Nxe5 13. Bd3 d4 14. e4 hxg5 15. hxg5+ Nh7 16. Nf3 Ba5+ 17. Kf1 Nxf3 18. gxf3 g6 19. f4 Kg7 20. f3 Rh8 21. Qh2 Kf8 22. f5 Qe7 23. Qh6+ Ke8 24. Qg7 Rf8 25. Rxh7 gxf5 26. g6 Be6 27. Bh6 Kd7 28. Qxd4+ Kc7 29. Bxf8 Rxf8 30. g7 Rd8 31. Qe5+ Kc8 32. Rh8 Bc7 33. Qc3 Qg5 34. Rxd8+ Bxd8 35. exf5 Bd5 36. Bc4 Bxc4+ 37. Qxc4 Qxg7 38. Rd1 Qh7 39. Kg2 Qg7+ 40. Kf1 Qh7 41. Qd4 Qh3+ 42. Ke2 Qg2+ 43. Qf2 Qg5 44. Qg1 Qf4 45. Qg4 Qh2+ 46. Kf1 Qh1+ 47. Ke2 Qh2+ 48. Kf1 Qh1+ 1/2-1/2

[Event "FB23 2223 SC Bavaria Regensburg 1881 - S"]
[Site "?"]
[Date "2023.02.19"]
[Round "5.2"]
[White "Bardorz, Jana"]
[Black "Albayrak, Nese Pinar"]
[Result "0-1"]
[WhiteElo "2052"]
[BlackElo "1713"]
[PlyCount "50"]
[EventDate "2023.??.??"]

1. e4 e5 2. Nf3 Nc6 3. d4 exd4 4. Nxd4 Bc5 5. Nb3 Bb6 6. Nc3 Nf6 7. Qe2 O-O 8. Bg5 h6 9. Bh4 Re8 10. O-O-O a5 11. a4 d6 12. Bxf6 Qxf6 13. Nd5 Qg6 14. f3 Bd7 15. Nxb6 cxb6 16. Qd2 d5 17. Bb5 Rac8 18. Kb1 Red8 19. Bd3 Nb4 20. Nd4 dxe4 21. Bxe4 f5 22. Bxb7 Rc7 23. c3 Bxa4 24. Rc1 Rxb7 25. Qe2 f4+ 0-1

[Event "FB23 2223 SC Bavaria Regensburg 1881 - S"]
[Site "?"]
[Date "2023.02.19"]
[Round "5.3"]
[White "Albayrak, Berrak"]
[Black "Leuchsenring, Christina"]
[Result "1/2-1/2"]
[WhiteElo "1663"]
[BlackElo "1921"]
[PlyCount "89"]
[EventDate "2023.??.??"]

1. e4 c5 2. d3 Nc6 3. g3 g6 4. Bg2 d6 5. Nf3 Bg7 6. O-O e6 7. Re1 Nge7 8. c3 O-O 9. Nbd2 b5 10. Nb3 a5 11. a4 bxa4 12. Rxa4 Ba6 13. Be3 Bb5 14. Ra2 a4 15. Nc1 a3 16. d4 axb2 17. Rxb2 Rb8 18. Qd2 Na5 19. Bf1 Bxf1 20. Rxb8 Qxb8 21. Rxf1 Nc4 22. Qd3 Nb2 23. Qc2 Nc4 24. Bg5 f6 25. Bd2 Nxd2 26. Qxd2 Qb7 27. dxc5 Rd8 28. cxd6 Nc8 29. Qe2 Rxd6 30. e5 fxe5 31. Nxe5 Rd5 32. Ncd3 Ne7 33. c4 Bxe5 34. cxd5 Bf6 35. Qxe6+ Kg7 36. d6 Qa6 37. dxe7 Qxe6 38. Re1 Qxe1+ 39. Nxe1 Bxe7 40. Kg2 Kf6 41. Nd3 Bd6 42. Kf3 Kf5 43. h3 h5 44. Nf4 Kg5 45. Ne6+ 1/2-1/2

[Event "FB23 2223 SC Bavaria Regensburg 1881 - S"]
[Site "?"]
[Date "2023.02.19"]
[Round "5.4"]
[White "Oberhofer, Marie"]
[Black "Loebel, Petra"]
[Result "1/2-1/2"]
[WhiteElo "1745"]
[BlackElo "1839"]
[PlyCount "95"]
[EventDate "2023.??.??"]

1. e4 e6 2. d4 d5 3. e5 c5 4. c3 Nc6 5. Nf3 Bd7 6. g3 f6 7. Bg2 fxe5 8. dxe5 Qc7 9. O-O g6 10. Re1 Bg7 11. Na3 a6 12. Bg5 Nge7 13. Bf6 O-O 14. Bxg7 Kxg7 15. Nc2 Nf5 16. Ne3 Nce7 17. Ng4 Ng8 18. Rc1 Rad8 19. Qd2 Nfh6 20. Ne3 Ne7 21. Ng5 Nhf5 22. f4 Nxe3 23. Qxe3 Nf5 24. Qd2 h6 25. Nf3 Bc6 26. Qc2 b6 27. Qf2 Qb7 28. Rcd1 a5 29. Rd2 Rd7 30. Red1 Rfd8 31. g4 Ne7 32. Qg3 Kh8 33. Qh4 Ng8 34. f5 gxf5 35. gxf5 Rf8 36. f6 Rh7 37. Qg4 Qf7 38. Nh4 Be8 39. Bh3 Nxf6 40. exf6 Rg8 41. Qxg8+ Qxg8+ 42. Rg2 Qf8 43. Bxe6 Rc7 44. Rg8+ Qxg8+ 45. Bxg8 Kxg8 46. Rxd5 Rc6 47. Rd8 Kf7 48. Nf5 1/2-1/2

[Event "FB23 2223 SC Bavaria Regensburg 1881 - S"]
[Site "?"]
[Date "2023.02.19"]
[Round "5.5"]
[White "Steinmueller, Stefanie"]
[Black "Pavlov, Liliane"]
[Result "1-0"]
[WhiteElo "1936"]
[BlackElo "1697"]
[PlyCount "57"]
[EventDate "2023.??.??"]

1. e4 c5 2. Nc3 d6 3. g3 Nf6 4. Bg2 e5 5. d3 h6 6. Nge2 Nc6 7. O-O Be7 8. h3 g5 9. Qe1 Rg8 10. Be3 Be6 11. Nd1 b5 12. c3 Qd7 13. Kh2 h5 14. Qd2 h4 15. d4 hxg3+ 16. fxg3 exd4 17. cxd4 cxd4 18. Nxd4 Nxd4 19. Bxd4 Nh5 20. Ne3 f6 21. Nf5 Bxf5 22. exf5 Rd8 23. Bd5 Rh8 24. Rac1 Rc8 25. Be6 Qb7 26. Rxc8+ Bd8 27. Qe2 Qe7 28. Qxb5+ Kf8 29. Qd7 1-0

[Event "FB23 2223 SC Bavaria Regensburg 1881 - S"]
[Site "?"]
[Date "2023.02.19"]
[Round "5.6"]
[White "Horther-Schneider, Elsbeth"]
[Black "Albayrak, Aylin"]
[Result "1/2-1/2"]
[WhiteElo "1809"]
[BlackElo "1690"]
[PlyCount "87"]
[EventDate "2023.??.??"]

1. e4 c5 2. c3 Nf6 3. e5 Nd5 4. d4 cxd4 5. cxd4 Nc6 6. Nf3 d6 7. Bc4 Nb6 8. Bb3 dxe5 9. Nxe5 Nxe5 10. dxe5 Qxd1+ 11. Bxd1 g6 12. O-O Bg7 13. f4 O-O 14. Nc3 Bf5 15. Bf3 Rab8 16. Be3 Rfd8 17. Bxb6 axb6 18. Nd5 Kf8 19. Nxb6 f6 20. Nc4 Bd3 21. Rfc1 b5 22. exf6 exf6 23. Na5 Rd6 24. Nc6 Re8 25. Nb4 Be4 26. Bxe4 Rxe4 27. Rc8+ Kf7 28. Rc7+ Re7 29. Rac1 f5 30. Rxe7+ Kxe7 31. Nc6+ Ke6 32. b3 Rd2 33. a4 bxa4 34. bxa4 Bb2 35. Re1+ Kd6 36. Ne5 Bd4+ 37. Kh1 Ra2 38. Nf3 Ba7 39. Rd1+ Ke7 40. Re1+ Kf6 41. g3 h6 42. Rc1 Rxa4 43. Rc6+ Kg7 44. Rc7+ 1/2-1/2

[Event "FB23 2223 TSV Schott Mainz - SK 1980 Ger"]
[Site "?"]
[Date "2023.02.19"]
[Round "5.2"]
[White "Sinitsina, Anastassia"]
[Black "Ries, Jutta"]
[Result "1-0"]
[WhiteElo "2174"]
[BlackElo "2026"]
[PlyCount "77"]
[EventDate "2023.??.??"]

1. e4 Nf6 2. e5 Nd5 3. d4 d6 4. c4 Nb6 5. exd6 exd6 6. Nf3 Bg4 7. Be2 Nc6 8. O-O Be7 9. b3 O-O 10. Be3 Bf6 11. Nc3 Re8 12. Qd2 Ne7 13. h3 Bxf3 14. Bxf3 c6 15. Bg4 d5 16. c5 Nd7 17. b4 Ng6 18. b5 Nxc5 19. bxc6 bxc6 20. dxc5 d4 21. Bxd4 Qxd4 22. Qxd4 Bxd4 23. Rac1 Bxc5 24. Na4 Bb6 25. Bd7 Re2 26. Bxc6 Rb8 27. Nxb6 Rxb6 28. Bd5 Kf8 29. g3 Re5 30. Rc8+ Re8 31. Rc7 Ne7 32. Bb3 a6 33. Re1 Rbb8 34. Ra7 g6 35. Ba4 f5 36. Bxe8 Rxe8 37. Rxa6 Kg7 38. Ra7 Kf6 39. a4 1-0

[Event "FB23 2223 TSV Schott Mainz - SK 1980 Ger"]
[Site "?"]
[Date "2023.02.19"]
[Round "5.4"]
[White "Krasnopeyeva, Julia"]
[Black "Tampe, Friederike"]
[Result "1/2-1/2"]
[WhiteElo "1890"]
[BlackElo "1590"]
[PlyCount "60"]
[EventDate "2023.??.??"]

1. e4 e5 2. Nf3 Nc6 3. Bb5 a6 4. Ba4 Nf6 5. d3 Bc5 6. O-O b5 7. Bb3 O-O 8. a4 Bb7 9. Bg5 Re8 10. Nc3 Nd4 11. axb5 Nxb3 12. cxb3 axb5 13. Rxa8 Bxa8 14. Nxb5 Bb6 15. Qc2 Re6 16. Na3 h6 17. Bd2 Ne8 18. Nc4 f6 19. Nh4 d5 20. Nxb6 Rxb6 21. Be3 Rc6 22. Qe2 d4 23. Bc1 Qd7 24. Qf3 Qf7 25. Qg3 Kh7 26. Nf5 Nd6 27. Nh4 Rb6 28. f4 exf4 29. Qxf4 Rxb3 30. Qg3 Bxe4 1/2-1/2

[Event "FB23 2223 Karlsruher SF 1853 - SK Freibu"]
[Site "?"]
[Date "2023.02.19"]
[Round "5.1"]
[White "Paddock, Silvia"]
[Black "Georgescu, Lena"]
[Result "0-1"]
[WhiteElo "2155"]
[BlackElo "2267"]
[PlyCount "102"]
[EventDate "2023.??.??"]

1. e4 e5 2. Nf3 Nc6 3. Bb5 g6 4. Nc3 Bg7 5. d3 h6 6. Bxc6 dxc6 7. h3 Be6 8. Be3 Qe7 9. g4 Nf6 10. Qe2 h5 11. g5 Nd7 12. d4 O-O-O 13. d5 cxd5 14. exd5 Bf5 15. Qc4 Nb6 16. Qb3 Rhe8 17. O-O-O Kb8 18. Nb5 Nc8 19. Rhe1 a6 20. Nc3 Qd7 21. Bc5 Nd6 22. Re3 Bxh3 23. Ne4 Bf5 24. Nxd6 cxd6 25. Bb6 Rc8 26. c4 Qb5 27. Qxb5 axb5 28. c5 b4 29. Rb3 dxc5 30. d6 Bd7 31. Bc7+ Rxc7 32. dxc7+ Kxc7 33. Rd5 b6 34. Re3 Bc6 35. Rdxe5 Bxe5 36. Nxe5 Re7 37. f4 Bd7 38. a3 bxa3 39. Rxa3 Kb7 40. Rd3 Be6 41. Re3 Re8 42. Nf3 Ra8 43. Nh4 Bd5 44. f5 gxf5 45. Nxf5 Ra1+ 46. Kd2 Rg1 47. Re5 Be6 48. Ne7 Kc7 49. g6 Kd6 50. gxf7 Bxf7 51. Re3 Be6 0-1

[Event "FB23 2223 Karlsruher SF 1853 - SK Freibu"]
[Site "?"]
[Date "2023.02.19"]
[Round "5.2"]
[White "Schmidt, Jessica"]
[Black "Hund, Sarah"]
[Result "1-0"]
[WhiteElo "2209"]
[BlackElo "2042"]
[PlyCount "61"]
[EventDate "2023.??.??"]

1. d4 d5 2. c4 e6 3. Nf3 Nf6 4. Nc3 Be7 5. b3 O-O 6. e3 b6 7. Qc2 dxc4 8. bxc4 Bb7 9. Be2 c5 10. O-O Nc6 11. Rd1 cxd4 12. exd4 Rc8 13. Bf4 Nh5 14. Be3 Qc7 15. Qa4 Nf4 16. Bf1 Na5 17. Ne5 Ng6 18. Nb5 Bc6 19. Nxc6 Qxc6 20. d5 Qd7 21. dxe6 Qxe6 22. Nxa7 Rxc4 23. Bxc4 Nxc4 24. Re1 Nce5 25. Qb3 Qg4 26. Bxb6 Bd6 27. h3 Qf5 28. Nb5 Bb8 29. Bc7 Nh4 30. Rxe5 Qg6 31. Qg3 1-0

[Event "FB23 2223 Karlsruher SF 1853 - SK Freibu"]
[Site "?"]
[Date "2023.02.19"]
[Round "5.3"]
[White "Hund, Barbara"]
[Black "Kiefhaber, Veronika"]
[Result "1/2-1/2"]
[WhiteElo "2063"]
[BlackElo "2108"]
[PlyCount "110"]
[EventDate "2023.??.??"]

1. e4 c5 2. Nc3 Nc6 3. f4 g6 4. Nf3 Bg7 5. Bb5 Nd4 6. a4 a6 7. Bc4 e6 8. Nxd4 cxd4 9. Ne2 Ne7 10. O-O O-O 11. Bb3 b6 12. d3 Bb7 13. c3 dxc3 14. bxc3 d5 15. e5 Qc7 16. d4 Rfd8 17. Rf3 a5 18. Rh3 Ba6 19. Bd2 b5 20. g4 bxa4 21. Bc2 Rab8 22. f5 exf5 23. gxf5 Rb2 24. Ng3 Nc6 25. Bxa4 Nxe5 26. Nh5 gxh5 27. dxe5 Qxe5 28. Bc2 d4 29. Qxh5 Rxc2 30. Qxh7+ Kf8 31. f6 Qxf6 32. Qxc2 dxc3 33. Bxc3 Qg5+ 34. Rg3 Qc5+ 35. Qf2 Bd4 36. Bxd4 Rxd4 37. Re1 Bc4 38. Qe3 Be6 39. Qh6+ Ke7 40. Qe3 a4 41. Qg5+ Qxg5 42. Rxg5 a3 43. Ra5 Rd3 44. Kf2 Rd2+ 45. Re2 Rxe2+ 46. Kxe2 a2 47. Ke3 Kf6 48. Kf4 Kg6 49. Kg3 Kh6 50. h4 Kg6 51. h5+ Kh6 52. Kh4 Bb3 53. Ra3 Bc4 54. Ra5 Bb3 55. Ra8 Bc4 1/2-1/2

[Event "FB23 2223 Karlsruher SF 1853 - SK Freibu"]
[Site "?"]
[Date "2023.02.19"]
[Round "5.4"]
[White "Rubina, Tatiana"]
[Black "Ehmann, Johanna"]
[Result "0-1"]
[WhiteElo "2004"]
[BlackElo "1800"]
[PlyCount "70"]
[EventDate "2023.??.??"]

1. e4 e5 2. Nf3 Nc6 3. Bc4 Bc5 4. c3 Nf6 5. d3 a6 6. Bb3 Ba7 7. O-O d6 8. Be3 h6 9. Nbd2 O-O 10. h3 Re8 11. Re1 Be6 12. Bc2 Qc8 13. Nf1 Ne7 14. d4 Ng6 15. Ng3 c6 16. Nf5 Bb8 17. g4 d5 18. dxe5 Nxe5 19. Nxe5 Bxe5 20. f4 Bb8 21. e5 Ne4 22. Bxe4 dxe4 23. Ng3 Bd5 24. Qc2 Qd8 25. c4 Qh4 26. Kg2 Be6 27. Qxe4 f6 28. b3 fxe5 29. f5 Bf7 30. Rad1 Qe7 31. Qd3 e4 32. Qd7 Qe5 33. Bf2 Qf4 34. Qd2 Qf3+ 35. Kh2 e3 0-1

[Event "FB23 2223 Karlsruher SF 1853 - SK Freibu"]
[Site "?"]
[Date "2023.02.19"]
[Round "5.5"]
[White "Riegel, Arinna"]
[Black "Scheynin, Julia"]
[Result "0-1"]
[WhiteElo "1845"]
[BlackElo "1962"]
[PlyCount "148"]
[EventDate "2023.??.??"]

1. Nf3 d5 2. g3 Nf6 3. Bg2 e6 4. d4 Be7 5. O-O O-O 6. c4 c6 7. Qc2 Bd6 8. b3 Nbd7 9. Bb2 Re8 10. Rd1 Qe7 11. Nc3 Ba3 12. cxd5 exd5 13. Bxa3 Qxa3 14. e3 a6 15. Rac1 Qe7 16. Na4 Ne4 17. Nd2 f5 18. Nf3 Rb8 19. Nc5 Ndxc5 20. dxc5 g6 21. Nd4 Nf6 22. Re1 Bd7 23. Qe2 Rf8 24. Qd2 Rbe8 25. Qa5 Bc8 26. Qc3 Nd7 27. b4 Nf6 28. a4 Bd7 29. Qb3 Qe5 30. Re2 Kh8 31. Rec2 Nh5 32. b5 axb5 33. axb5 Qg7 34. Qb2 Nf6 35. Ra1 Ra8 36. b6 Rab8 37. Ra7 Kg8 38. Qa2 Qe7 39. Rc1 Qe5 40. Ra1 Nh5 41. Qd2 Rfe8 42. R1a5 g5 43. Qd1 Ng7 44. Nf3 Qe7 45. Qa1 h6 46. Ra8 Rxa8 47. Rxa8 Qxc5 48. Rxe8+ Bxe8 49. Qa7 Qe7 50. Bf1 Ne6 51. Ne5 Nd8 52. Nd3 c5 53. Qb8 Nc6 54. Qc7 c4 55. Qxe7 Nxe7 56. Nb4 Bf7 57. Bg2 Kf8 58. Kf1 Ke8 59. Ke2 Kd7 60. Kd2 Kd6 61. Kc3 Kc5 62. Nc2 Kxb6 63. Kd4 Nc6+ 64. Kc3 Kc5 65. Nd4 Nxd4 66. exd4+ Kb5 67. Bf3 Ka4 68. Kb2 Kb4 69. Be2 f4 70. Kc2 Bg6+ 71. Kb2 Bd3 72. Bf3 c3+ 73. Kc1 Kc4 74. Bd1 Kxd4 0-1

[Event "FB23 2223 Karlsruher SF 1853 - SK Freibu"]
[Site "?"]
[Date "2023.02.19"]
[Round "5.6"]
[White "Juszczak, Anna"]
[Black "Farhadyar, Kiana"]
[Result "0-1"]
[WhiteElo "1962"]
[BlackElo "1508"]
[PlyCount "100"]
[EventDate "2023.??.??"]

1. d4 d5 2. c4 e6 3. Nf3 Be7 4. Nc3 Nf6 5. Bg5 c6 6. e3 Nbd7 7. Qc2 dxc4 8. Bxc4 Nb6 9. Bd3 h6 10. Bh4 Nbd5 11. a3 Nd7 12. Bxe7 Qxe7 13. O-O O-O 14. Ne4 e5 15. Rfe1 f5 16. Ng3 e4 17. Bc4 exf3 18. Nxf5 Qg5 19. Ng3 Kh8 20. gxf3 Rxf3 21. Kh1 N7b6 22. Bd3 Bh3 23. Be4 Rf7 24. Re2 Raf8 25. Rg1 Qe7 26. Bg6 Qf6 27. f4 Re7 28. Nh5 Qe6 29. Rg3 Bg4 30. Re1 Bf5 31. Bxf5 Qxf5 32. Qxf5 Rxf5 33. Rh3 Rxe3 34. Rexe3 Nxe3 35. Rxe3 Rxh5 36. Re8+ Kh7 37. Re7 Nd5 38. Rxb7 Nxf4 39. Rxa7 Ne2 40. Rd7 Rd5 41. Rxd5 cxd5 42. a4 Nxd4 43. b4 Nc6 44. b5 Na5 45. Kg2 Kg6 46. Kf3 Kf5 47. Ke3 Ke5 48. Kd3 d4 49. h3 Kd5 50. h4 g5 0-1

[Event "FB23 2223 SV Stuttgart-Wolfbusch - SG Au"]
[Site "?"]
[Date "2023.02.19"]
[Round "5.1"]
[White "Braun, Kristin"]
[Black "Li, Zhuoling"]
[Result "0-1"]
[WhiteElo "1870"]
[BlackElo "2214"]
[PlyCount "44"]
[EventDate "2023.??.??"]

1. e4 c5 2. Nf3 Nc6 3. d4 cxd4 4. Nxd4 e5 5. Nb5 d6 6. N1c3 a6 7. Na3 b5 8. Nd5 Nge7 9. Bg5 Rb8 10. Be2 h6 11. Bh4 Qa5+ 12. c3 Nxd5 13. Qxd5 Nd4 14. Nc4 Qc7 15. cxd4 Be6 16. Ne3 Qa5+ 17. Kf1 Bxd5 18. Nxd5 Rc8 19. b4 Qa3 20. Rd1 Rc1 21. dxe5 Rxd1+ 22. Bxd1 Qd3+ 0-1

[Event "FB23 2223 SV Stuttgart-Wolfbusch - SG Au"]
[Site "?"]
[Date "2023.02.19"]
[Round "5.2"]
[White "Froehlich, Franziska"]
[Black "Todorova, Kalina"]
[Result "1/2-1/2"]
[WhiteElo "1904"]
[BlackElo "1792"]
[PlyCount "53"]
[EventDate "2023.??.??"]

1. e4 c5 2. c3 g6 3. d4 cxd4 4. cxd4 d5 5. exd5 Nf6 6. Nc3 Nxd5 7. Qb3 Nb6 8. Nf3 Bg7 9. Bg5 h6 10. Be3 Nc6 11. d5 Ne5 12. Nxe5 Bxe5 13. Rd1 Bd7 14. Be2 Nc8 15. f4 Bg7 16. Ne4 Nd6 17. Nxd6+ exd6 18. O-O O-O 19. Rd2 Re8 20. Bf2 Qa5 21. Rfd1 Rab8 22. Qg3 Bf5 23. a3 Qa4 24. Bg4 Bxg4 25. Qxg4 Re4 26. Qh3 Rbe8 27. f5 1/2-1/2

[Event "FB23 2223 SV Stuttgart-Wolfbusch - SG Au"]
[Site "?"]
[Date "2023.02.19"]
[Round "5.3"]
[White "Stoll, Katja"]
[Black "Leser, Katrin"]
[Result "0-1"]
[WhiteElo "1837"]
[BlackElo "1993"]
[PlyCount "60"]
[EventDate "2023.??.??"]

1. e4 e6 2. d4 d5 3. exd5 exd5 4. Bd3 Bd6 5. Nf3 Nc6 6. c3 Nge7 7. Qc2 Bg4 8. Nbd2 Qd7 9. O-O O-O-O 10. b4 Rde8 11. b5 Nd8 12. Qa4 Kb8 13. Ba3 Bxa3 14. Ne5 Qc8 15. Qxa3 Bf5 16. Nb3 f6 17. Bxf5 Nxf5 18. Nd3 Nh4 19. h3 g5 20. Nbc5 g4 21. Na6+ bxa6 22. bxa6 Ka8 23. Rfb1 Re6 24. Qb3 Rxa6 25. Nb4 Rd6 26. Nxd5 gxh3 27. Rb2 hxg2 28. c4 Nc6 29. Rab1 Rxd5 30. cxd5 Nxd4 0-1